Oil Exporters' Economic Development in an Interdependent World /

Johangir Amuzegar nos presenta un estudio sobre las políticas económicas de los países exportadores de petróleo y su influencia en el desarrollo económico en un mundo interdependiente. Contiene los siguientes temas generales: Energy Management as a Global Problem; A Framework for National Economic M...

Descrizione completa

Salvato in:
Dettagli Bibliografici
Autore principale: Amuzegar, Jahangir (autor)
Natura: Libro
Lingua:inglese
Pubblicazione: Washington, EUA : Fondo Monetario Internacional, 1983
Serie:(Occasional Paper ; 18)
Soggetti:
Tags: Aggiungi Tag
Nessun Tag, puoi essere il primo ad aggiungerne!!

MARC

LEADER 00000nam^a2200000^a^4500
001 000019885
005 20250521000000.0
009 20260310084314.639
037 |a Acervo ITESO - Biblioteca 
041 |a ING 
082 |a 382. 422  |b AMU 
100 |a Amuzegar, Jahangir  |e (autor) 
245 1 0 |a Oil Exporters' Economic Development in an Interdependent World /  |c J. Amuzegar. 
264 1 |a Washington, EUA :  |b Fondo Monetario Internacional,  |c 1983 
300 |a 99 p. 
336 |a texto  |b txt  |2 rdacontenido 
337 |a sin mediación  |b n  |2 rdamedio 
338 |a volumen  |b nc  |2 rdasoporte 
440 1 |a (Occasional Paper ;  |v 18) 
520 |a Johangir Amuzegar nos presenta un estudio sobre las políticas económicas de los países exportadores de petróleo y su influencia en el desarrollo económico en un mundo interdependiente. Contiene los siguientes temas generales: Energy Management as a Global Problem; A Framework for National Economic Management; Policy Options and Country Experiences; World Payments in Balances in the International Adjustment Process; The Imperatives of Energy Interdependence. 
649 |a XX 
650 |a Petróleo -  |x Aspectos Económicos 
650 |a Petróleo -  |x Aspectos Económicos 
650 |a Petróleo -  |x Aspectos Económicos 
910 |a Fondo General 
920 |a Impresos - Libros 
930 |a Colección General 
905 |a 101 
901 |a 0198850100  |b IT1  |c ACC  |i 019885  |u 20250521 
902 |a https://opac.biblio.iteso.mx/vufind/Record/000019885